Žiaka zrejme odmietnu vydať na Slovensko Krasulová: Sabotáž možno považovať za politický trestný čin

Bibliographic Details
Main Author: (sk) (Author)
Format: Article
Language:Slovak
Subjects:

MARC

LEADER 00000nab a2200000 a 4500
001 vtls001028419
003 SK-MaSNL
005 20260304010933.0
008 040720e20010113xo 0 slo
035 |a SL6973 
040 |a SLLK  |b slo  |c SLLK  |e AACR2 
041 0 |a slo 
044 |a xo  |c SK 
080 |a 343.3  |2 1981 
100 0 |a (sk)  |4 aut  |9 818831 
245 1 0 |a Žiaka zrejme odmietnu vydať na Slovensko  |b Krasulová: Sabotáž možno považovať za politický trestný čin 
590 |a Žiak, Rudolf 1954- 
600 1 7 |a Žiak, Rudolf,  |d 1955-  |2 SLLK  |9 198906 
650 0 7 |a trestné činy  |2 SLLK  |9 2181 
650 0 7 |a sabotáže  |2 SLLK  |9 59459 
650 0 7 |a obvinenia vznesené  |2 SLLK  |9 1017875 
650 0 7 |a okolnosti  |2 SLLK  |9 887739 
651 7 |a Stará Ľubovňa (Slovensko)  |2 SLLK  |9 19193 
651 7 |a SL,  |2 SLLK  |9 1022390 
655 7 |a periodikum  |2 snkbucl  |9 29553 
773 0 8 |t Nový Čas  |g Roč. 11, č.10, 13.1.2001, s. 3 
852 |a ZVYKNI  |b KIS3GCP 
999 |c 2563660  |d 2565590